[Event "DRUGA LIGA CENTRALNE SRBIJE - ISTOK 2017"]
[Site "Srebrno jezero"]
[Date "2017.09.10"]
[Round "5.5"]
[White "Popovic, Djordje D"]
[Black "Gajovic, Dragan"]
[Result "1/2-1/2"]
[WhiteElo "2247"]
[BlackElo "2141"]
[PlyCount "22"]
[EventDate "2017.09.08"]

1. e4 e5 2. f4 d6 3. Nf3 Nc6 4. Bb5 Bd7 5. d3 Nd4 6. Bxd7+ Qxd7 7. Nxd4 exd4 8.
O-O c5 9. a4 Ne7 10. Nd2 Nc6 11. Nc4 Be7 1/2-1/2

[Event "DRUGA LIGA CENTRALNE SRBIJE - ISTOK 2017"]
[Site "Srebrno jezero"]
[Date "2017.09.10"]
[Round "5.5"]
[White "Blagojevic, Vladan"]
[Black "Golubovic, Marko"]
[Result "1/2-1/2"]
[WhiteElo "2065"]
[BlackElo "1976"]
[PlyCount "21"]
[EventDate "2017.09.08"]

1. c4 Nf6 2. Nc3 g6 3. Nf3 Bg7 4. g3 O-O 5. Bg2 c5 6. O-O Nc6 7. b3 d6 8. Bb2
Bg4 9. e3 h6 10. d4 cxd4 11. exd4 1/2-1/2

[Event "DRUGA LIGA CENTRALNE SRBIJE - ISTOK 2017"]
[Site "Srebrno jezero"]
[Date "2017.09.10"]
[Round "5.6"]
[White "Zivanovic, Zoran M"]
[Black "Arsic, Djordje"]
[Result "0-1"]
[WhiteElo "2022"]
[BlackElo "2137"]
[PlyCount "62"]
[EventDate "2017.09.08"]

1. e4 e5 2. Nf3 Nc6 3. Bc4 Nf6 4. d3 Be7 5. Nc3 d6 6. h3 Na5 7. Bb3 Nxb3 8.
axb3 a6 9. O-O h6 10. Nh2 g5 11. f3 c5 12. Ng4 Nh5 13. Nd5 Nf4 14. Nge3 Be6 15.
Bd2 Nxd5 16. Nxd5 Bxd5 17. exd5 Qd7 18. c3 O-O-O 19. d4 Rdg8 20. Qe2 f6 21. Be3
h5 22. Rfd1 g4 23. h4 gxf3 24. Qxf3 cxd4 25. cxd4 Qg4 26. Qf2 Qg3 27. Rac1+ Kb8
28. Rc3 Qxf2+ 29. Bxf2 e4 30. Kh2 Rg7 31. Rg1 f5 0-1

[Event "DRUGA LIGA CENTRALNE SRBIJE - ISTOK 2017"]
[Site "Srebrno jezero"]
[Date "2017.09.10"]
[Round "5.6"]
[White "Carapic, Srdjan"]
[Black "Tomic, Stefan"]
[Result "1-0"]
[WhiteElo "1930"]
[BlackElo "1588"]
[PlyCount "71"]
[EventDate "2017.09.08"]

1. e4 e5 2. Nc3 Nf6 3. f4 d6 4. Nf3 Nc6 5. Bb5 Bg4 6. O-O Be7 7. d4 exd4 8.
Qxd4 O-O 9. Bxc6 bxc6 10. b3 Nd7 11. e5 Bxf3 12. Rxf3 dxe5 13. Qc4 Bc5+ 14. Kh1
Qe7 15. Ne4 Bb6 16. Bd2 Rfe8 17. Re1 exf4 18. Rxf4 Ne5 19. Qf1 Rad8 20. Bc3 Bd4
21. Bxd4 Rxd4 22. Nf6+ gxf6 23. Rxd4 Kh8 24. Rf4 Kg7 25. Qf2 Qd8 26. h4 Re6 27.
h5 Qe7 28. Qg3+ Kh8 29. Ra4 Qd6 30. Rxa7 Re8 31. Rf1 Qc5 32. h6 Ng6 33. Qf2
Qh5+ 34. Kg1 Qxh6 35. Qxf6+ Qg7 36. Rxc7 1-0

[Event "DRUGA LIGA CENTRALNE SRBIJE - ISTOK 2017"]
[Site "Srebrno jezero"]
[Date "2017.09.10"]
[Round "5.6"]
[White "Pezelj, Sinisa"]
[Black "Dmitrovic, Tomislav"]
[Result "0-1"]
[WhiteElo "2273"]
[BlackElo "2273"]
[PlyCount "86"]
[EventDate "2017.09.08"]

1. Nf3 g6 2. g3 Bg7 3. Bg2 Nf6 4. c4 c6 5. O-O d5 6. d4 O-O 7. cxd5 cxd5 8. Nc3
Ne4 9. Ng5 Nxc3 10. bxc3 h6 11. Nh3 g5 12. f4 g4 13. Nf2 f5 14. Qb3 e6 15. Ba3
Re8 16. Nd3 Nc6 17. Bb4 b6 18. Ne5 Nxe5 19. dxe5 Ba6 20. Qc2 Qd7 21. Rad1 Rac8
22. Rf2 Bb5 23. Qd2 Qc6 24. Rc1 Bf8 25. Bxf8 Rxf8 26. e3 Rf7 27. h3 h5 28. hxg4
hxg4 29. Bf1 Bxf1 30. Kxf1 Rh7 31. Rh2 Qc4+ 32. Ke1 Rcc7 33. Rc2 Rxh2 34. Qxh2
Rh7 35. Qe2 Rh1+ 36. Kd2 b5 37. Qg2 Rf1 38. a4 bxa4 39. Qe2 a3 40. Qh2 a2 41.
Rb2 Rd1+ 42. Kxd1 a1=Q+ 43. Kc2 Qe4+ 0-1

[Event "DRUGA LIGA CENTRALNE SRBIJE - ISTOK 2017"]
[Site "Srebrno jezero"]
[Date "2017.09.10"]
[Round "5.6"]
[White "Markovic, Marko"]
[Black "Bura, Goran"]
[Result "1/2-1/2"]
[WhiteElo "2227"]
[BlackElo "2231"]
[PlyCount "130"]
[EventDate "2017.09.08"]

1. e4 c5 2. Nc3 Nc6 3. Bb5 Nd4 4. Bc4 e6 5. Nge2 a6 6. Nxd4 cxd4 7. Ne2 b5 8.
Bb3 Bc5 9. d3 Bb7 10. Ng3 Nf6 11. e5 Nd5 12. Qg4 g6 13. Ne4 h5 14. Qg3 Be7 15.
h4 Nb4 16. Nd6+ Bxd6 17. exd6 Rc8 18. Bg5 f6 19. Bd2 Kf7 20. Bxb4 a5 21. Bd2 a4
22. Bxe6+ dxe6 23. O-O-O Qb6 24. Bb4 Qc6 25. Rd2 Qxg2 26. Qxg2 Bxg2 27. Rg1 Bf3
28. Rg3 Bg4 29. f3 Bf5 30. Rg1 Rc6 31. Kd1 Ke8 32. c3 dxc3 33. bxc3 Kd7 34. Ke2
Rcc8 35. Ke3 Rhg8 36. Rdg2 Rc6 37. Kd4 e5+ 38. Ke3 Rgc8 39. Kd2 Re8 40. a3 Rg8
41. Re1 Rcc8 42. Reg1 Rg7 43. Ke3 Rgg8 44. Rg3 g5 45. hxg5 h4 46. R3g2 h3 47.
Rg3 fxg5 48. Kf2 Ke6 49. Rxg5 h2 50. Rxg8 Rxg8 51. Rh1 Rh8 52. Kg3 Bxd3 53.
Rxh2 Rxh2 54. Kxh2 e4 55. f4 e3 56. Kg3 e2 57. Kf2 Kd7 58. Ke1 Kc6 59. Kd2 Kd7
60. Bc5 Kc6 61. Bb4 Kd7 62. Bc5 Kc6 63. Bb4 Kd7 64. Ke1 Ke6 65. Kf2 Kd7 1/2-1/2

[Event "DRUGA LIGA CENTRALNE SRBIJE - ISTOK 2017"]
[Site "Srebrno jezero"]
[Date "2017.09.10"]
[Round "5.6"]
[White "Terzic, Goran"]
[Black "Mickovic, Slavisa"]
[Result "1-0"]
[WhiteElo "2217"]
[BlackElo "2102"]
[PlyCount "67"]
[EventDate "2017.09.08"]

1. e4 c5 2. d3 b6 3. g3 Bb7 4. Bg2 e6 5. f4 d5 6. Nc3 d4 7. Nce2 Nf6 8. Nf3 Nc6
9. O-O Qc7 10. h3 h5 11. c3 dxc3 12. bxc3 O-O-O 13. Qc2 g6 14. Be3 Na5 15. Ne5
Bg7 16. Rac1 Rhf8 17. Qb1 Nd7 18. d4 Ba6 19. Rf2 Nxe5 20. fxe5 Bc4 21. Bg5 Rd7
22. Qb2 Qc6 23. Qa3 Rh8 24. Nf4 Qc7 25. Qb2 Qc6 26. Rd2 Qb5 27. Qc2 Nc6 28.
Rcd1 cxd4 29. cxd4 Kb7 30. Rc1 Na5 31. Qc3 Rc8 32. Rb2 Qa6 33. d5 exd5 34. Nxd5
1-0

[Event "DRUGA LIGA CENTRALNE SRBIJE - ISTOK 2017"]
[Site "Srebrno jezero"]
[Date "2017.09.10"]
[Round "5.6"]
[White "Njegic, Vladimir"]
[Black "Raicevic, Ivica"]
[Result "1-0"]
[WhiteElo "2133"]
[BlackElo "2174"]
[PlyCount "77"]
[EventDate "2017.09.08"]

1. e4 e6 2. d4 d5 3. Nc3 Bb4 4. e5 c5 5. a3 Bxc3+ 6. bxc3 Nc6 7. Qg4 g6 8. Nf3
Qa5 9. Bd2 Qa4 10. Be2 Bd7 11. Ra2 O-O-O 12. Qf4 c4 13. Ng5 Rf8 14. O-O f5 15.
exf6 Nxf6 16. Qe3 h6 17. Nh3 Ne4 18. Be1 Qa5 19. Nf4 Rf6 20. Bxc4 Rhf8 21. Ne2
dxc4 22. Qxe4 Qd5 23. Qe3 g5 24. f3 h5 25. Ng3 h4 26. Ne4 Rf4 27. h3 e5 28.
dxe5 Qxe5 29. Bd2 Kc7 30. Re1 Bxh3 31. Qf2 Bf5 32. Nxg5 Qd6 33. Bxf4 Qxf4 34.
Ne6+ Bxe6 35. Rxe6 h3 36. Re1 Rg8 37. g4 h2+ 38. Qxh2 Qxh2+ 39. Kxh2 1-0

[Event "DRUGA LIGA CENTRALNE SRBIJE - ISTOK 2017"]
[Site "Srebrno jezero"]
[Date "2017.09.10"]
[Round "5.6"]
[White "Stojiljkovic, Stefan"]
[Black "Kostic, Tomislav"]
[Result "1/2-1/2"]
[WhiteElo "2184"]
[BlackElo "2046"]
[PlyCount "124"]
[EventDate "2017.09.08"]

1. e4 c5 2. Nf3 e6 3. b3 Nc6 4. Bb2 d5 5. exd5 exd5 6. Bb5 Nf6 7. O-O Be7 8.
Re1 O-O 9. h3 Ne4 10. d3 Bf6 11. Qc1 Nd6 12. Bxc6 bxc6 13. Nbd2 Bf5 14. Nf1 Bg6
15. Ne3 h5 16. Ne5 Qc7 17. Nf3 Bxb2 18. Qxb2 Rfe8 19. Qa3 Qb6 20. Qa4 Nb5 21.
Qh4 Nd4 22. Nxd4 cxd4 23. Nf1 Qc5 24. Ng3 Qc3 25. Rxe8+ Rxe8 26. Rf1 Qxc2 27.
Qxd4 Qxd3 28. Qxd3 Bxd3 29. Rd1 Bg6 30. h4 f6 31. b4 Re5 32. Rc1 Re6 33. f4 Rd6
34. f5 Bf7 35. Ne2 d4 36. Rd1 d3 37. Nc3 Rd4 38. a3 d2 39. Nb1 Bb3 40. Rxd2
Rxd2 41. Nxd2 Bc2 42. Kf2 Bxf5 43. Ke3 Kf7 44. Kd4 Ke6 45. Kc5 Kd7 46. a4 Bc2
47. a5 Bd3 48. g3 g5 49. hxg5 fxg5 50. Nf3 Be4 51. Nxg5 Bg2 52. Nf7 Ke6 53.
Nd8+ Kd7 54. Nb7 Kc7 55. Nd6 Kd7 56. Nf5 Bf3 57. Nd4 Bg2 58. Ne2 Bf3 59. Nf4
Kc7 60. Nd3 Bg2 61. Ne5 Be4 62. Kd4 Bg2 1/2-1/2

[Event "DRUGA LIGA CENTRALNE SRBIJE - ISTOK 2017"]
[Site "Srebrno jezero"]
[Date "2017.09.10"]
[Round "5.1"]
[White "Livaja, Mario"]
[Black "Popchev, Milko"]
[Result "1/2-1/2"]
[WhiteElo "2314"]
[BlackElo "2301"]
[PlyCount "28"]
[EventDate "2017.09.08"]

1. d4 d5 2. c4 c6 3. cxd5 cxd5 4. Nc3 Nf6 5. Nf3 Nc6 6. Bf4 Bf5 7. e3 e6 8. Bd3
Bxd3 9. Qxd3 Bd6 10. Bxd6 Qxd6 11. O-O O-O 12. Rac1 Rac8 13. h3 h6 14. Rfd1
Rfd8 1/2-1/2

[Event "DRUGA LIGA CENTRALNE SRBIJE - ISTOK 2017"]
[Site "Srebrno jezero"]
[Date "2017.09.10"]
[Round "5.1"]
[White "Bozilov, Dragan*"]
[Black "Zivkovic, Marko"]
[Result "1/2-1/2"]
[WhiteElo "2003"]
[BlackElo "2194"]
[PlyCount "135"]
[EventDate "2017.09.08"]

1. e4 c6 2. d4 d5 3. exd5 cxd5 4. Bd3 Nf6 5. c3 Nc6 6. Bf4 g6 7. h3 Bg7 8. Nf3
O-O 9. O-O Bf5 10. Re1 Rc8 11. Ne5 a6 12. Bxf5 gxf5 13. Qd3 e6 14. Nd2 Nh5 15.
Bh2 Nxe5 16. dxe5 Bh6 17. Rad1 Kh8 18. Qe2 Qh4 19. Nf3 Qc4 20. Rd4 Qxe2 21.
Rxe2 Rc4 22. Rxc4 dxc4 23. a4 Rd8 24. Nd4 Rd5 25. g4 fxg4 26. Re4 g3 27. fxg3
Bc1 28. g4 Ng7 29. Ne2 b5 30. axb5 axb5 31. Nxc1 Rd1+ 32. Kf2 Rxc1 33. Rd4 Rc2+
34. Ke3 Rxh2 35. Rd8+ Ne8 36. Rxe8+ Kg7 37. Rb8 Rxb2 38. Kd4 Rd2+ 39. Kc5 Rd3
40. Kb4 Rxh3 41. Rxb5 Rg3 42. Kxc4 Rxg4+ 43. Kd3 Kg6 44. Rb2 Kf5 45. Re2 h5 46.
c4 h4 47. c5 h3 48. c6 Rg8 49. Kd4 Kf4 50. c7 Kf3 51. Re3+ Kg2 52. Re2+ Kf1 53.
Rh2 Rc8 54. Rxh3 Rxc7 55. Rh2 Kg1 56. Ra2 Rc1 57. Ke4 Rf1 58. Ke3 Rf5 59. Kd4
Rf2 60. Ra7 Kg2 61. Kc5 Kg3 62. Kd6 Rf5 63. Rxf7 Rxf7 64. Kxe6 Rh7 65. Kd6 Kf4
66. e6 Rh6 67. Kd7 Ke4 68. e7 1/2-1/2

[Event "DRUGA LIGA CENTRALNE SRBIJE - ISTOK 2017"]
[Site "Srebrno jezero"]
[Date "2017.09.10"]
[Round "5.1"]
[White "Kulak, Dejan"]
[Black "Stoimenov, Roki"]
[Result "1/2-1/2"]
[WhiteElo "2180"]
[BlackElo "2016"]
[PlyCount "24"]
[EventDate "2017.09.08"]

1. e4 e6 2. d4 d5 3. Nd2 dxe4 4. Nxe4 Bd7 5. Nf3 Bc6 6. Bd3 Bxe4 7. Bxe4 c6 8.
Qe2 Nf6 9. Bd3 Nbd7 10. O-O Bd6 11. Bg5 Qc7 12. Rfe1 h6 1/2-1/2

[Event "DRUGA LIGA CENTRALNE SRBIJE - ISTOK 2017"]
[Site "Srebrno jezero"]
[Date "2017.09.10"]
[Round "5.1"]
[White "Igic, Vladan"]
[Black "Zivic, Dragan"]
[Result "1/2-1/2"]
[WhiteElo "1989"]
[BlackElo "2181"]
[PlyCount "75"]
[EventDate "2017.09.08"]

1. d4 Nf6 2. Nf3 g6 3. g3 Bg7 4. Bg2 O-O 5. O-O d6 6. c4 Nbd7 7. Nc3 c6 8. Qc2
e5 9. dxe5 dxe5 10. Bg5 Qc7 11. Rad1 a5 12. Nd2 h6 13. Bxf6 Bxf6 14. Nde4 Be7
15. Qd2 Kg7 16. Nd6 Nc5 17. Nxc8 Raxc8 18. Qc2 Rcd8 19. Rxd8 Rxd8 20. Rd1 Ne6
21. Rxd8 Qxd8 22. Qd1 Qxd1+ 23. Nxd1 f5 24. Kf1 Kf6 25. e3 e4 26. f3 exf3 27.
Bxf3 Ke5 28. Ke2 Kd6 29. g4 Kc5 30. gxf5 gxf5 31. Kd3 Kb4 32. Bg2 Bd6 33. h4
Be5 34. Bh3 Nc5+ 35. Kc2 f4 36. exf4 Bxf4 37. Bf1 a4 38. a3+ 1/2-1/2

[Event "DRUGA LIGA CENTRALNE SRBIJE - ISTOK 2017"]
[Site "Srebrno jezero"]
[Date "2017.09.10"]
[Round "5.1"]
[White "Djordjevic, Dejan N"]
[Black "Djordjevic, Lazar**"]
[Result "1-0"]
[WhiteElo "2190"]
[BlackElo "1833"]
[PlyCount "196"]
[EventDate "2017.09.08"]

1. e4 c5 2. Nc3 Nc6 3. g3 e6 4. Bg2 Nf6 5. Nge2 d5 6. exd5 exd5 7. d4 cxd4 8.
Nxd4 Be7 9. O-O O-O 10. h3 Bc5 11. Nb3 Bb6 12. Bg5 h6 13. Bf4 Be6 14. Na4 Bc7
15. Be3 Qc8 16. Kh2 b6 17. Nc3 Rd8 18. Ne2 Qd7 19. c3 Rac8 20. Nbd4 Ne5 21. Bc1
Nc4 22. Qc2 Qe8 23. Re1 Bd7 24. Bf4 Qf8 25. Rad1 Ne5 26. Nf5 Qc5 27. Ned4 Ng6
28. Be3 Qf8 29. Qb3 Ne4 30. Qxd5 Bc6 31. Qb3 Nc5 32. Qc2 Bxg2 33. Kxg2 Be5 34.
Nf3 Bf6 35. Bd4 Bxd4 36. Rxd4 Ne6 37. Rxd8 Qxd8 38. Nxh6+ Kf8 39. Ng4 Qd5 40.
Qb3 Nef4+ 41. gxf4 Nxf4+ 42. Kg3 Nh5+ 43. Kg2 Nf4+ 44. Kg3 Nh5+ 45. Kh2 Qxf3
46. Qb4+ Kg8 47. Qe4 Qf4+ 48. Qxf4 Nxf4 49. Rd1 Rc7 50. Kg3 Ne6 51. Ne5 f6 52.
Nf3 Kf7 53. Nd4 Nc5 54. Kf3 Na4 55. Rd2 Nc5 56. h4 Re7 57. Re2 Rd7 58. Rd2 Kg6
59. Kg2 Re7 60. Nf3 Ne6 61. c4 Nf4+ 62. Kg3 Nh5+ 63. Kh3 Nf4+ 64. Kg4 Re4 65.
b3 Ne6+ 66. Kg3 Nc5 67. Kg2 Rg4+ 68. Kf1 Rf4 69. Kg2 Rg4+ 70. Kh3 Rf4 71. Kg3
Re4 72. Rc2 Nd3 73. Rd2 Nc5 74. Rc2 Nd3 75. Rc3 Ne5 76. Nxe5+ Rxe5 77. a3 Re4
78. c5 bxc5 79. Rxc5 Rd4 80. f3 Rd7 81. b4 Kf7 82. a4 Ke6 83. b5 Kf7 84. a5 Ke6
85. b6 Kf7 86. Rc6 Kg6 87. Rc4 Kf7 88. h5 Kg8 89. Kg4 Kf7 90. f4 Ke6 91. Rc6+
Kf7 92. Rc5 Kg8 93. Rc4 axb6 94. axb6 Kh7 95. Rc5 Kh6 96. Rc7 Rd5 97. b7 Rb5
98. Rc8 f5+ 1-0

[Event "DRUGA LIGA CENTRALNE SRBIJE - ISTOK 2017"]
[Site "Srebrno jezero"]
[Date "2017.09.10"]
[Round "5.1"]
[White "Pejcic, Marko**"]
[Black "Petkovic, Miodrag"]
[Result "0-1"]
[WhiteElo "1194"]
[BlackElo "1924"]
[PlyCount "87"]
[EventDate "2017.09.08"]

1. d4 Nf6 2. c4 c5 3. e3 g6 4. Nc3 Bg7 5. Nf3 O-O 6. Bd3 d6 7. d5 a6 8. Qc2 b5
9. b3 b4 10. Ne2 Nxd5 11. Bb2 Nf6 12. O-O Bb7 13. Nd2 Nbd7 14. f3 a5 15. Ne4
Qc7 16. Nf4 Rfe8 17. Nxf6+ Nxf6 18. e4 e5 19. Ne2 Qe7 20. a3 Nd7 21. a4 Bh6 22.
Bc1 Bg7 23. Be3 Rf8 24. Rad1 f6 25. Ng3 Rf7 26. Rf2 Nf8 27. Rfd2 Ne6 28. Bf1
Nd4 29. Qd3 Raf8 30. f4 Bh6 31. f5 Bg7 32. Be2 Kh8 33. Bg4 Rg8 34. h4 Bf8 35.
Rf1 Bc8 36. fxg6 Rxg6 37. Nf5 Bxf5 38. Bxf5 Rg3 39. Kf2 Rfg7 40. Rg1 Qf7 41.
Rb2 Qh5 42. Rbb1 Qxh4 43. Rh1 Rxg2+ 44. Kf1 0-1

[Event "DRUGA LIGA CENTRALNE SRBIJE - ISTOK 2017"]
[Site "Srebrno jezero"]
[Date "2017.09.10"]
[Round "5.2"]
[White "Trickovic, Borivoje"]
[Black "Paunovic, Tomislav"]
[Result "1/2-1/2"]
[WhiteElo "2227"]
[BlackElo "2346"]
[PlyCount "41"]
[EventDate "2017.09.08"]

1. d4 d5 2. Bf4 e6 3. e3 Bd6 4. Bg3 Ne7 5. Bd3 Nf5 6. Bxd6 cxd6 7. c3 Qg5 8. g3
Nc6 9. Nd2 e5 10. dxe5 dxe5 11. e4 dxe4 12. Nxe4 Qe7 13. Qe2 Be6 14. Nf3 f6 15.
Bc4 Rd8 16. O-O Nd6 17. Nxd6+ Rxd6 18. Rfd1 O-O 19. Rxd6 Qxd6 20. Rd1 Qe7 21.
Nh4 1/2-1/2

[Event "DRUGA LIGA CENTRALNE SRBIJE - ISTOK 2017"]
[Site "Srebrno jezero"]
[Date "2017.09.10"]
[Round "5.2"]
[White "Todorovic, Bojan"]
[Black "Petrov, Georgi"]
[Result "1-0"]
[WhiteElo "2351"]
[BlackElo "2227"]
[PlyCount "27"]
[EventDate "2017.09.08"]

1. d4 Nf6 2. c4 e6 3. Nf3 b6 4. g3 Bb7 5. Bg2 Bb4+ 6. Nbd2 O-O 7. O-O Be7 8. b3
Ne4 9. Qc2 Nxd2 10. Bxd2 d6 11. Ng5 Bxg5 12. Bxb7 Nd7 13. Bxa8 Bxd2 14. Be4 1-0

[Event "DRUGA LIGA CENTRALNE SRBIJE - ISTOK 2017"]
[Site "Srebrno jezero"]
[Date "2017.09.10"]
[Round "5.2"]
[White "Nikolic, Boban"]
[Black "Tonic, Milos*"]
[Result "1-0"]
[WhiteElo "2248"]
[BlackElo "2021"]
[PlyCount "105"]
[EventDate "2017.09.08"]

1. Nf3 Nf6 2. c4 e6 3. Nc3 Bb4 4. Qc2 O-O 5. a3 Bxc3 6. Qxc3 d5 7. b3 c5 8. e3
Nc6 9. Bb2 b6 10. Be2 Re8 11. O-O e5 12. cxd5 Nxd5 13. Qc2 e4 14. Ne1 Bf5 15.
f3 Qd6 16. g4 Bg6 17. f4 f5 18. g5 h6 19. h4 hxg5 20. hxg5 Kf7 21. Ng2 Rad8 22.
Kf2 Rh8 23. Rh1 Rxh1 24. Rxh1 Nce7 25. Bc4 Rg8 26. Qc3 Ke8 27. Qe5 Qxe5 28.
Bxe5 Bf7 29. Rh7 Kf8 30. Nh4 Be6 31. Bd6 Kf7 32. Be5 Ng6 33. Nxg6 Kxg6 34. Rh1
Rd8 35. Be2 Kf7 36. Rh7 Rg8 37. Bh5+ Kf8 38. Bd6+ Ne7 39. b4 cxb4 40. Bxb4 Bf7
41. Be2 Bd5 42. d3 Kf7 43. dxe4 fxe4 44. Bh5+ Ke6 45. Bg4+ Nf5 46. Bc3 Rc8 47.
Bxg7 Rc2+ 48. Ke1 Bb3 49. Be5 Rc1+ 50. Kf2 Rc2+ 51. Kg1 Rc1+ 52. Kh2 Rc2+ 53.
Kh3 1-0

[Event "DRUGA LIGA CENTRALNE SRBIJE - ISTOK 2017"]
[Site "Srebrno jezero"]
[Date "2017.09.10"]
[Round "5.2"]
[White "Dimitrijevic, Dusan"]
[Black "Jovanovic, Bojan P*"]
[Result "0-1"]
[WhiteElo "2109"]
[BlackElo "2241"]
[PlyCount "104"]
[EventDate "2017.09.08"]

1. d4 g6 2. Nf3 Bg7 3. Bf4 d6 4. e3 Nd7 5. Be2 c6 6. O-O e5 7. Bg3 Nh6 8. dxe5
dxe5 9. e4 Qe7 10. Qd2 f6 11. a4 Nc5 12. Bd3 a5 13. Rd1 Nf7 14. Qe2 Nd6 15.
Nbd2 Be6 16. Ne1 h5 17. f3 g5 18. Nc4 Nxc4 19. Bxc4 Nxe4 20. Qxe4 Qc5+ 21. Bf2
Qxc4 22. Qg6+ Kf8 23. b3 Qc3 24. Rac1 Rh6 25. Qe4 f5 26. Qe2 Kg8 27. Rd3 Qb4
28. Rcd1 Kf7 29. c4 Rhh8 30. Nc2 Qe7 31. Qd2 e4 32. fxe4 fxe4 33. Re3 Rhd8 34.
Qe1 Rxd1 35. Qxd1 Bg4 36. Qe1 Bf5 37. Qd2 Be5 38. Re1 Bf4 39. Qe2 Bg4 40. Qf1
Kg6 41. h3 Bf5 42. Qe2 Bc7 43. Nd4 Rh8 44. Nxf5 Kxf5 45. Bd4 Rd8 46. g4+ Kg6
47. Qxe4+ Qxe4 48. Rxe4 Rxd4 49. Re7 hxg4 50. Rxc7 gxh3 51. Kh2 g4 52. Rxb7
Rd2+ 0-1

[Event "DRUGA LIGA CENTRALNE SRBIJE - ISTOK 2017"]
[Site "Srebrno jezero"]
[Date "2017.09.10"]
[Round "5.2"]
[White "Perovic, Zivojin**"]
[Black "Stanojevic, Ilija**"]
[Result "1-0"]
[WhiteElo "2180"]
[BlackElo "2056"]
[PlyCount "53"]
[EventDate "2017.09.08"]

1. e4 b6 2. d3 Bb7 3. Nf3 e6 4. Nbd2 Be7 5. g3 Nf6 6. Bg2 d5 7. Qe2 c5 8. O-O
Nc6 9. c3 Qc7 10. Re1 O-O-O 11. Nf1 h6 12. Bf4 Qd7 13. Ne5 Nxe5 14. Bxe5 Ne8
15. exd5 Bxd5 16. Bxd5 Qxd5 17. Red1 Bf6 18. d4 Nc7 19. Ne3 Qc6 20. Ng4 Ne8 21.
dxc5 bxc5 22. Bxf6 Nxf6 23. Ne5 Rxd1+ 24. Rxd1 Qc7 25. b4 cxb4 26. Rd4 Kb8 27.
Rc4 1-0

[Event "DRUGA LIGA CENTRALNE SRBIJE - ISTOK 2017"]
[Site "Srebrno jezero"]
[Date "2017.09.10"]
[Round "5.2"]
[White "Mitic, Ivan M"]
[Black "Pejcic, Milutin"]
[Result "0-1"]
[WhiteElo "1933"]
[BlackElo "2203"]
[PlyCount "92"]
[EventDate "2017.09.08"]

1. d4 Nf6 2. Nf3 d5 3. Bf4 c5 4. e3 Nc6 5. c3 Qb6 6. Qb3 e6 7. Nbd2 Be7 8. h3
Bd7 9. Be2 O-O 10. O-O Rfc8 11. Ne5 Be8 12. Ndf3 Ne4 13. Rfd1 f6 14. Nxc6 bxc6
15. Qa3 Kf8 16. Qa6 c4 17. Qxb6 axb6 18. a3 c5 19. Nd2 b5 20. Nxe4 dxe4 21.
dxc5 e5 22. Bg3 Rd8 23. Kf1 Bxc5 24. Bg4 Ke7 25. Ke1 Bc6 26. Rxd8 Rxd8 27. Rd1
Bd7 28. Rxd7+ Rxd7 29. Bxd7 Kxd7 30. Ke2 Kc6 31. f3 Kd5 32. Be1 f5 33. Bg3 g5
34. Be1 h5 35. Bd2 exf3+ 36. gxf3 Be7 37. Be1 Bd8 38. Bg3 Bb6 39. Bf2 Bd8 40.
Bg1 Bf6 41. Bh2 Bg7 42. Bg1 Bh6 43. Bf2 e4 44. h4 exf3+ 45. Kxf3 g4+ 46. Ke2
Ke4 0-1

[Event "DRUGA LIGA CENTRALNE SRBIJE - ISTOK 2017"]
[Site "Srebrno jezero"]
[Date "2017.09.10"]
[Round "5.3"]
[White "Zivic, Jovan"]
[Black "Djukic, Zeljko"]
[Result "0-1"]
[WhiteElo "2090"]
[BlackElo "2320"]
[PlyCount "81"]
[EventDate "2017.09.08"]

1. d4 Nf6 2. Nf3 d5 3. Bf4 c5 4. e3 Nc6 5. c3 Qb6 6. Qb3 c4 7. Qc2 Bf5 8. Qc1
h6 9. h3 e6 10. Nbd2 Qd8 11. b3 b5 12. a4 a6 13. Be2 Be7 14. O-O O-O 15. Ne5
Qb6 16. g4 Bh7 17. g5 hxg5 18. Bxg5 Rfc8 19. axb5 axb5 20. bxc4 bxc4 21. Bxf6
Bxf6 22. Nd7 Qd8 23. Nxf6+ Qxf6 24. Bf3 Bd3 25. Re1 Ne7 26. Bg2 Ng6 27. Nf1
Bxf1 28. Kxf1 Nh4 29. Qd1 Rxa1 30. Qxa1 Qg6 31. Bh1 Qf5 32. Bg2 Nf3 33. Rd1 Rb8
34. Ke2 Nh4 35. Kf1 Kh7 36. Qc1 Rb3 37. Qa1 Qc2 38. Qc1 Qxc3 39. Qxc3 Rxc3 40.
Bh1 f5 41. f3 0-1

[Event "DRUGA LIGA CENTRALNE SRBIJE - ISTOK 2017"]
[Site "Srebrno jezero"]
[Date "2017.09.10"]
[Round "5.3"]
[White "Stojanovic, Milorad"]
[Black "Grkovic, Vladan"]
[Result "1/2-1/2"]
[WhiteElo "1922"]
[BlackElo "2213"]
[PlyCount "48"]
[EventDate "2017.09.08"]

1. e4 e6 2. d4 d5 3. exd5 exd5 4. Bd3 Bd6 5. Ne2 Qf6 6. O-O Ne7 7. c3 Be6 8.
Be3 Nd7 9. Qd2 h6 10. Bf4 Nc8 11. Bxd6 Nxd6 12. Nf4 O-O 13. Nh5 Qh4 14. Nf4
Rae8 15. Na3 c6 16. Nc2 Bf5 17. f3 Qg5 18. g3 h5 19. Qf2 h4 20. Rac1 Bxd3 21.
Nxd3 hxg3 22. hxg3 Nb5 23. Kg2 Qg6 24. Nf4 Qg5 1/2-1/2

[Event "DRUGA LIGA CENTRALNE SRBIJE - ISTOK 2017"]
[Site "Srebrno jezero"]
[Date "2017.09.10"]
[Round "5.3"]
[White "Djordjevic, Danilo**"]
[Black "Stankovic, Darko*"]
[Result "1-0"]
[WhiteElo "2125"]
[BlackElo "1912"]
[PlyCount "51"]
[EventDate "2017.09.08"]

1. d4 c5 2. d5 e5 3. e4 d6 4. f4 Nd7 5. Nf3 Qe7 6. fxe5 Nxe5 7. Bb5+ Bd7 8.
Bxd7+ Nxd7 9. O-O Ngf6 10. Nc3 a6 11. Bf4 Nh5 12. Bg5 f6 13. Be3 g6 14. g4 Ng7
15. Bh6 Ne5 16. Nxe5 Qxe5 17. Qf3 Kf7 18. Bf4 Qd4+ 19. Be3 Qe5 20. Bf4 Qd4+ 21.
Kh1 Ne8 22. Rad1 Qb4 23. e5 dxe5 24. Bxe5 Qb6 25. d6 Bg7 26. d7 1-0

[Event "DRUGA LIGA CENTRALNE SRBIJE - ISTOK 2017"]
[Site "Srebrno jezero"]
[Date "2017.09.10"]
[Round "5.3"]
[White "Stojanovic, Ivan M"]
[Black "Ristic, Boban"]
[Result "0-1"]
[WhiteElo "1897"]
[BlackElo "2030"]
[PlyCount "68"]
[EventDate "2017.09.08"]

1. Nf3 d6 2. d4 Bg4 3. Bg5 c6 4. Nbd2 Nd7 5. h3 Bh5 6. e3 Ngf6 7. Be2 Qc7 8.
O-O e5 9. dxe5 dxe5 10. c3 Be7 11. Bh4 O-O 12. Bg3 Rfe8 13. Nc4 Bf8 14. a4 Rad8
15. Qb3 Bxf3 16. Bxf3 Nb6 17. Nxb6 Qxb6 18. Qxb6 axb6 19. a5 bxa5 20. Rxa5 e4
21. Bd1 Rd2 22. b4 Rd3 23. Ra7 Red8 24. Ba4 R8d7 25. Be5 b5 26. Rxd7 Nxd7 27.
Bc2 Rd2 28. Bxe4 Nxe5 29. f4 Nc4 30. Bxc6 Nxe3 31. Re1 Nd1 32. Bxb5 Nxc3 33.
Bc6 Bxb4 34. Re8+ Bf8 0-1

[Event "DRUGA LIGA CENTRALNE SRBIJE - ISTOK 2017"]
[Site "Srebrno jezero"]
[Date "2017.09.10"]
[Round "5.3"]
[White "Milosavljevic, Ivan"]
[Black "Zivkovic, Milutin**"]
[Result "0-1"]
[WhiteElo "2063"]
[BlackElo "1744"]
[PlyCount "54"]
[EventDate "2017.09.08"]

1. e4 c5 2. Nf3 e6 3. d4 cxd4 4. Nxd4 a6 5. Nc3 Qc7 6. Be2 Nf6 7. f3 Bb4 8. Bd2
d6 9. O-O Bc5 10. Be3 e5 11. Ndb5 axb5 12. Nxb5 Qb6 13. Bxc5 Qxc5+ 14. Kh1 O-O
15. Qd2 Rd8 16. Rfd1 Be6 17. Nxd6 Ne8 18. Qg5 Rxd6 19. Rxd6 Qxd6 20. Rd1 h6 21.
Qg3 Qc7 22. a3 Nc6 23. c3 Rd8 24. Rxd8 Qxd8 25. h3 Qd2 26. Bb5 Qc1+ 27. Kh2 Qf4
0-1